MARC

Tag First Indicator Second Indicator Subfields
LEADER 00000cam a2200000Ia 4500
001 in00002570310
005 20151201154101.0
007 he amv---bacp
007 hd bfv---baap
008 961210s1850 enka jb 000 0 eng d
035 |a (OCoLC)ocm36063698 
037 |a CL0021000017  |b ProQuest Information and Learning 300 N. Zeeb Rd., Ann Arbor, MI 48106 
040 |a OPP  |c OPP  |d UtOrBLW 
049 |a OPPA 
090 |a PZ5  |b .O67 1990 no.017:154. 
100 1 |a Watts, Isaac,  |d 1674-1748. 
240 1 0 |a Divine songs 
245 1 0 |a Watts's divine & moral songs. 
246 1 6 |a Watts's hymns and moral songs 
264 3 |a London :  |b Printed and published by J. March,  |c [1850?] 
300 |a 10 unnumbered pages :  |b illustrations 
336 |a text  |b txt  |2 rdacontent 
337 |a microform  |b h  |2 rdamedia 
338 |a microfiche  |b he  |2 rdacarrier 
490 1 |a March's library of instruction and amusement ;  |v 9 
500 |a Cover title. 
500 |a 017:155 is inscribed 1850. 
500 |a 017:154 has publisher's address of 5, Great Charlotte Street; 017:155 and 017:156 have Number 12 Webber Street. 
500 |a Date of publication suggested by P.A.H. Brown. London publishers and printers, c. 1800-1870. 
500 |a In verse. 
500 |a Reproduction of original in the Bodleian Library. 
510 4 |a Opie  |c P 67 
510 4 |a Opie  |c P 68 
510 4 |a Opie  |c P 69 
533 |a Microfiche.  |b Ann Arbor, Mich.  |c UMI,  |d 1995.  |e 1 microfiche.  |f (Opie collection of children's literature ; 017:154 and 017:155 and 017:156).  |7 s1995 miun b 
500 |a Microform. 
650 0 |a Conduct of life  |v Juvenile poetry. 
830 0 |a Opie collection of children's literature ;  |v 017:154. 
830 0 |a Opie collection of children's literature ;  |v 017:155. 
830 0 |a Opie collection of children's literature ;  |v 017:156. 
830 0 |a March's library of instruction and amusement ;  |v 9. 
999 |a MARS 
999 f f |s 2d2bbd0b-97f0-33e9-9cd0-81bda7c799d9  |i 47b7c1e6-e82a-3723-93e4-b4d9499319a7  |t 0 
952 f f |a Texas A&M University  |b College Station  |c Sterling C. Evans Library  |d Evans: Microforms Fiche (3rd floor)  |t 0  |e PZ5 .O67 1990 no.017:154.  |h Library of Congress classification 
998 f f |a PZ5 .O67 1990 no.017:154.  |t 0  |l Evans: Microforms Fiche (3rd floor)